| 000 | 00665nam a2200169 a 4500 | ||
|---|---|---|---|
| 001 | 000042885 | ||
| 005 | 20201002040455.0 | ||
| 008 | 140212s2004 sp ac 000 0 spa d | ||
| 020 | _a8430941592 | ||
| 040 |
_aDO-SdBNP _bspa _cBNPHU |
||
| 245 | 0 | 4 |
_aLos Cronistas de la Constitución : _bsus señorías los periodistas / _ceditores Manuel Ángel Menéndez Gijón, Carmen Fernández López-Monís. |
| 260 |
_aMadrid : _bAsociación de la Prensa, _c2004. |
||
| 300 |
_a446 p. : _bil., retrs. ; _c24 cm. |
||
| 700 | 1 |
_aMenéndez Gijón, Manuel Ángel _eed. _eed. _970318 |
|
| 700 | 1 |
_aFernández López-Monís, Carmen _eed. _970319 |
|
| 710 | 2 |
_aAsociación de la Prensa _970320 |
|
| 999 |
_c42374 _d42374 |
||